000 00552nam a2200205Ia 4500
005 20250508152528.0
008 008 250505s9999 xx 000 0 eng d
037 _aTextual
040 _aFEDL
_beng
_cFEDL
041 _aeng
_2eng
084 _a121, JWA
_qFEDL
100 _aPrasad Jwala
_9761707
245 0 _aHistory of Indian epistemology
260 _aDelhi, India
_bMunshi Ram Manohar Lal
_c1956
300 _aviii,406p.
365 _aINR
_b25
650 _aPhilosophy
942 _cTEXL
_h121, JWA
999 _c1337028
_d1337028